00189nam a22000857a 4500082001100000100001400011245003800025260003200063300000800095 a697GUP aGupta N C aComprehensive HVAC system desings aNew DelhibViva Booksc2016 a487